Hereje = Heretic /

Guardat en:
Dades bibliogràfiques
Autor principal: Beck, Scott (realización)
Altres autors: Woods, Bryan (realización) (realización), Beck, Scott (guión) (guión), Woods, Bryan (guión) (guión), Chung, Chung-hoon (fotógrafo) (fotógrafo), Heimann, Betsy (vestuario) (vestuario), Li, Justin (montaje) (montaje), Bacon, Chris (música) (música), Grant, Hugh (actuación) (actuación), Thatcher, Sophie (actuación) (actuación), East, Chloe (actuación) (actuación), Beck, Scott (comentarios) (comentarios), Woods, Bryan (comentarios) (comentarios)
Format: Diapositiva
Idioma:anglès
Publicat: EUA : Beck Woods : Shiny Penny, 2024, c2024
Edició:Edición especial
Col·lecció:(A24 ; 18)
Matèries:
Etiquetes: Afegir etiqueta
Sense etiquetes, Sigues el primer a etiquetar aquest registre!

MARC

LEADER 00000ngm^a2200000^a^4500
001 000618185
005 20250812000000.0
009 20260310133755.413
037 |a Acervo ITESO - Biblioteca 
041 |a ING 
082 |a 808. 8  |b ATW V. 18 
100 |a Beck, Scott  |e (realización) 
240 1 1 |a [Hereje, de Scott Beck y Bryan Woods] 
245 1 0 |a Hereje =  |b Heretic /  |c Realización de S. Beck, B. Woods. 
246 2 |a Título en México: Hereje 
250 |a Edición especial 
264 4 |a EUA :  |b Beck Woods :  |b Shiny Penny,  |c 2024, c2024 
264 2 |a Nueva York, EUA :  |b A24 [distribución],  |c 2024, c2024 
300 |a 1 blu-ray región A (110, 15 min.) :  |b color 
336 |a imagen móvil bidimensional  |b tdi  |2 rdacontenido 
337 |a video  |b v  |2 rdamedio 
338 |a videodisco  |b vd  |2 rdasoporte 
440 1 |a (A24 ;  |v 18) 
546 |a En inglés, con subtítulos opcionales: español, inglés 
546 |a Audiodescripción en inglés, para ciegos y débiles visuales 
649 |a XX 
650 |a Cineastas Norteamericanos -  |x Entrevistas 
650 |a Herejes y Herejías en el Cine 
650 |a Evangelizadores en el Cine 
650 |a Religiosos en el Cine 
650 |a Mujeres en el Cine 
650 |a Iglesia de Jesucristo de los Santos de los Ultimos Días 
650 |a Producción Cinematográfica -  |z EUA 
650 |a Making Of (Documentales detrás de Cámaras) 
650 |a Películas de Suspenso y Terror 
650 |a Cine Norteamericano -  |y 2020-2029 
650 |a Cine Norteamericano -  |y Siglo XXI 
650 |a Cine Norteamericano -  |x Historia y Crítica 
650 |a Alucinaciones 
650 |a Violencia 
650 |a Evangelización 
650 |a Ateísmo 
650 |a Fe 
650 |a Cristianismo 
650 |a Religión 
650 |a Beck, Scott 
650 |a Woods, Bryan 
700 |a Woods, Bryan  |e (realización) 
700 |a Beck, Scott  |e (guión) 
700 |a Woods, Bryan  |e (guión) 
700 |a Chung, Chung-hoon  |e (fotógrafo) 
700 |a Heimann, Betsy  |e (vestuario) 
700 |a Li, Justin  |e (montaje) 
700 |a Bacon, Chris  |e (música) 
700 |a Grant, Hugh  |e (actuación) 
700 |a Thatcher, Sophie  |e (actuación) 
700 |a East, Chloe  |e (actuación) 
700 |a Beck, Scott  |e (comentarios) 
700 |a Woods, Bryan  |e (comentarios) 
740 0 |a Seeing Is Believing :  |b Behind the Scenes of Heretic / 
910 |a Fondo General 
920 |a Audiovisuales - Blu-rays 
940 |a Películas 
905 |a 309 
901 |a 618185-10  |b IT2  |c BRR  |i C190243  |u 20250812 
902 |a https://opac.biblio.iteso.mx/vufind/Record/000618185